[Event "Sparkassen-Open B"]
[Site "Heusenstamm, Martinsee"]
[Date "2018.11.23"]
[Round "3.10"]
[White "Hegel, Jonas"]
[Black "Fuchs, Andreas"]
[Result "1-0"]
[WhiteElo "1741"]
[BlackElo "1661"]
[PlyCount "107"]
[EventDate "2018.??.??"]
[WhiteTeam "SC Peiting"]
[BlackTeam "SC Ober-Ramstadt"]

1. e4 e6 2. d4 d5 3. exd5 exd5 4. Nf3 Bd6 5. Bd3 Qe7+ 6. Be3 Bg4 7. O-O Nd7 8.
Re1 Bxf3 9. Qxf3 O-O-O 10. Qxd5 Ngf6 11. Qa5 Bb4 12. Qxa7 Bxe1 13. Bf5 c5 14.
Bf4 Bxf2+ 15. Kxf2 Ne4+ 16. Bxe4 Qxe4 17. Qa8+ Nb8 18. Qxb8+ Kd7 19. Qc7+ Ke6
20. Nd2 Qxd4+ 21. Kf1 Rd7 22. Re1+ Kf5 23. g4+ Kxg4 24. Re4 Rxc7 25. Bxc7+ Kf5
26. Rxd4 cxd4 27. Bb6 Rc8 28. Nf3 Ke4 29. Nxd4 g5 30. c3 f5 31. Kf2 h5 32. Ne6
g4 33. Bd4 b5 34. Kg3 f4+ 35. Nxf4 b4 36. Nxh5 bxc3 37. Bxc3 Kf5 38. Nf6 Rc4
39. Nd5 Ke4 40. Nf6+ Kf5 41. a3 Rf4 42. Nd5 Rf3+ 43. Kg2 Ke4 44. Nf6+ Kf4 45.
a4 Kf5 46. a5 Rd3 47. a6 Rd6 48. a7 Ra6 49. Bd4 Kf4 50. Nd5+ Ke4 51. Nc7 Ra4
52. Bf2 Ra2 53. a8=Q+ Rxa8 54. Nxa8 1-0

[Event "Sparkassen-Open B"]
[Site "Heusenstamm, Martinsee"]
[Date "2018.11.23"]
[Round "3.11"]
[White "Haas, Vanessa"]
[Black "Sacher, Dieter"]
[Result "1/2-1/2"]
[WhiteElo "1737"]
[BlackElo "1617"]
[PlyCount "30"]
[EventDate "2018.??.??"]
[WhiteTeam "SC FK Babenhausen"]
[BlackTeam "SV Neu-Isenburg"]

1. e4 c5 2. Nf3 Nc6 3. d4 cxd4 4. Nxd4 Nf6 5. Nc3 e5 6. Ndb5 d6 7. Nd5 Nxd5 8.
exd5 Nb8 9. c4 a6 10. Nc3 Be7 11. Be3 O-O 12. Bd3 f5 13. O-O Nd7 14. Kh1 Nf6
15. f3 Bd7 1/2-1/2

[Event "Sparkassen-Open B"]
[Site "Heusenstamm, Martinsee"]
[Date "2018.11.23"]
[Round "3.12"]
[White "Michels, Fabio"]
[Black "Lohia, Sohum"]
[Result "0-1"]
[WhiteElo "1727"]
[BlackElo "1562"]
[PlyCount "64"]
[EventDate "2018.??.??"]
[WhiteTeam "SG Mörsdorf-Lahr"]
[BlackTeam "Wetherby"]

1. c4 Nf6 2. g3 e6 3. Bg2 d5 4. Nf3 c5 5. O-O Nc6 6. b3 Be7 7. Bb2 O-O 8. Re1
b6 9. d3 Bb7 10. Nbd2 Qc7 11. e4 dxe4 12. dxe4 Rfd8 13. e5 Nd7 14. Qc2 Nf8 15.
Ne4 Nb4 16. Qe2 Nd3 17. Reb1 Ng6 18. Bc3 Ngxe5 19. Nxe5 Nxe5 20. f4 Nc6 21. Qg4
Nd4 22. Rd1 f5 23. Qh3 Bxe4 24. Bxe4 Ne2+ 25. Kg2 Nxc3 26. Bxa8 Rxd1 27. Rxd1
Nxd1 28. Qh5 Qd8 29. Bf3 Ne3+ 30. Kg1 Bf6 31. h3 Bd4 32. Kh2 g6 0-1

[Event "Sparkassen-Open B"]
[Site "Heusenstamm, Martinsee"]
[Date "2018.11.23"]
[Round "3.13"]
[White "Chambers, Dominik Keith"]
[Black "Müller, Maximilian"]
[Result "1/2-1/2"]
[WhiteElo "1715"]
[BlackElo "1547"]
[PlyCount "42"]
[EventDate "2018.??.??"]
[WhiteTeam "SC Lorsch"]
[BlackTeam "SC Eppelborn"]

1. Nf3 Nf6 2. g3 g6 3. Bg2 d6 4. d3 Bg7 5. Nbd2 O-O 6. O-O Nbd7 7. e4 c5 8. a4
a5 9. Nc4 Qc7 10. Na3 Nb6 11. Nb5 Qd8 12. c4 Ne8 13. Rb1 Nc7 14. Nxc7 Qxc7 15.
b3 Bd7 16. Be3 e5 17. Qd2 Qc8 18. Bh6 f6 19. h4 Bh3 20. Nh2 Bxg2 21. Kxg2 Qd7
1/2-1/2

[Event "Sparkassen-Open B"]
[Site "Heusenstamm, Martinsee"]
[Date "2018.11.23"]
[Round "3.14"]
[White "Zerhusen, Martin"]
[Black "Tiggemann, Felix"]
[Result "1-0"]
[WhiteElo "1711"]
[BlackElo "1514"]
[PlyCount "39"]
[EventDate "2018.??.??"]
[WhiteTeam "SV Oberursel"]
[BlackTeam "SF Schöneck"]

1. d4 d5 2. c4 e6 3. Nc3 c5 4. cxd5 cxd4 5. Qxd4 Nc6 6. Qd1 exd5 7. e3 Nf6 8.
Nf3 Bb4 9. Bd2 Bg4 10. Be2 O-O 11. a3 Ba5 12. b4 Bc7 13. Nb5 Bb6 14. Bc3 a5 15.
Nbd4 Nxd4 16. Bxd4 Bxd4 17. Qxd4 Rc8 18. O-O Qd7 19. Ne5 Qf5 20. Nxg4 1-0

[Event "Sparkassen-Open B"]
[Site "Heusenstamm, Martinsee"]
[Date "2018.11.23"]
[Round "3.15"]
[White "Edenhäuser, Hermann"]
[Black "Gräf, Jakob"]
[Result "0-1"]
[WhiteElo "1701"]
[BlackElo "1520"]
[PlyCount "80"]
[EventDate "2018.??.??"]
[WhiteTeam "SC Heusenstamm"]
[BlackTeam "SV Frankfurt Nord"]

1. e4 c6 2. d4 d5 3. Nc3 dxe4 4. Nxe4 Bf5 5. Ng3 Bg6 6. Nf3 h6 7. Bc4 e6 8. Bf4
Nf6 9. Qd2 Bd6 10. Bxd6 Qxd6 11. O-O Nbd7 12. Rac1 O-O 13. Rfd1 Rfd8 14. Bb3
Ne4 15. Nxe4 Bxe4 16. Qe3 Bxf3 17. Qxf3 Nf6 18. c4 Qc7 19. d5 exd5 20. cxd5 c5
21. d6 Rxd6 22. Rxd6 Qxd6 23. Qxb7 Rf8 24. Qxa7 Qd2 25. Qxc5 Re8 26. Qc3 Qe2
27. Bc4 Qe7 28. Kf1 Ne4 29. Qe3 Qb4 30. Rc2 Ng3+ 31. hxg3 Rxe3 32. fxe3 Qd6 33.
Kf2 Qf6+ 34. Ke2 Qe5 35. Bd3 g6 36. Kf2 Qf6+ 37. Ke2 Qd6 38. Be4 Qa6+ 39. Kd2
Qxa2 40. b4 Qb3 0-1

[Event "Sparkassen-Open B"]
[Site "Heusenstamm, Martinsee"]
[Date "2018.11.23"]
[Round "3.16"]
[White "Plaumann, Arvin"]
[Black "Werner, Tom"]
[Result "0-1"]
[WhiteElo "1338"]
[BlackElo "1693"]
[PlyCount "62"]
[EventDate "2018.??.??"]
[WhiteTeam "SF Heidesheim"]
[BlackTeam "VSG Offenbach"]

1. d4 d5 2. Bf4 Bf5 3. e3 Nf6 4. Nf3 e6 5. c4 Bd6 6. Ne5 O-O 7. Nc3 a6 8. Qb3
dxc4 9. Bxc4 b5 10. Bd3 Bxd3 11. Nxd3 Bxf4 12. Nxf4 Qe7 13. Qc2 c5 14. Rd1 cxd4
15. Rxd4 Nc6 16. Rd2 Rac8 17. O-O Ne5 18. b3 b4 19. Ncd5 Nxd5 20. Qe4 Nc6 21.
Nxd5 exd5 22. Qd3 Ne5 23. Qxa6 Rc6 24. Qb5 Rd8 25. Rfd1 Rdc8 26. Rxd5 Ng6 27.
g3 Rc1 28. Rxc1 Rxc1+ 29. Kg2 Qe4+ 30. Kh3 Qe6+ 31. Kg2 Nh4+ 0-1

[Event "Sparkassen-Open B"]
[Site "Heusenstamm, Martinsee"]
[Date "2018.11.23"]
[Round "3.17"]
[White "Zimmer, Holger"]
[Black "Hofmann, Werner"]
[Result "1/2-1/2"]
[WhiteElo "1394"]
[BlackElo "1685"]
[PlyCount "43"]
[EventDate "2018.??.??"]
[WhiteTeam "SF Heidesheim"]
[BlackTeam "SV Kelsterbach"]

1. d4 d5 2. Bf4 c6 3. c3 Nf6 4. Nf3 Bf5 5. e3 e6 6. Be2 Nbd7 7. Nbd2 Be7 8. Ne5
O-O 9. h4 Be4 10. f3 Bg6 11. g4 h5 12. g5 Ne8 13. Nxg6 fxg6 14. Qc2 Kf7 15. Bd3
Rh8 16. Bxg6+ Kg8 17. O-O-O b5 18. Rdf1 Nd6 19. Bxd6 Bxd6 20. f4 c5 21. Nf3 Nf8
22. Bd3 1/2-1/2

[Event "Sparkassen-Open B"]
[Site "Heusenstamm, Martinsee"]
[Date "2018.11.23"]
[Round "3.20"]
[White "Hoppstädter, Daniel"]
[Black "Schmid, Leon"]
[Result "1-0"]
[WhiteElo "1274"]
[BlackElo "1260"]
[PlyCount "47"]
[EventDate "2018.??.??"]
[WhiteTeam "Kirkel"]
[BlackTeam "SF Heidesheim"]

1. e4 e6 2. d4 d5 3. Nc3 c5 4. dxc5 Nf6 5. Bg5 Bxc5 6. e5 h6 7. exf6 hxg5 8.
fxg7 Rg8 9. Qh5 Qf6 10. O-O-O Qxg7 11. Nf3 Bd7 12. Bd3 Bxf2 13. Rhf1 Be3+ 14.
Kb1 e5 15. Nxe5 Bf4 16. Nxf7 Bg4 17. Qxg4 Qxf7 18. Qc8+ Ke7 19. Qxb7+ Ke6 20.
Rde1+ Kf6 21. Nxd5+ Kg7 22. Re7 Qxe7 23. Qxe7+ Kh6 24. Qh7# 1-0

[Event "Sparkassen-Open B"]
[Site "Heusenstamm, Martinsee"]
[Date "2018.11.23"]
[Round "3.21"]
[White "Richter, Johannes"]
[Black "Becker, Ralph"]
[Result "0-1"]
[WhiteElo "1203"]
[BlackElo "1745"]
[PlyCount "98"]
[EventDate "2018.??.??"]
[WhiteTeam "Berkershm"]
[BlackTeam "SC Paimar"]

1. d4 Nf6 2. Nf3 g6 3. c4 Bg7 4. Nc3 O-O 5. Bg5 d6 6. Qd2 c5 7. d5 Nbd7 8. Bh6
Qa5 9. Bxg7 Kxg7 10. e4 a6 11. Bd3 Rb8 12. Ne2 Qxd2+ 13. Kxd2 b5 14. b3 Ng4 15.
Rhf1 Nge5 16. Nxe5 Nxe5 17. cxb5 Nxd3 18. Kxd3 axb5 19. Rfc1 Bd7 20. Rc2 Ra8
21. Kd2 b4 22. f4 Ra3 23. Kc1 Rfa8 24. Kb2 Bb5 25. Rd2 c4 26. bxc4 Bxc4 27. Kb1
Bd3+ 28. Kb2 Bxe4 29. Rd4 Bxg2 30. Rxb4 Bxd5 31. Nc3 Be6 32. Rb7 R3a7 33. Rxa7
Rxa7 34. a4 Bc4 35. a5 d5 36. Nd1 d4 37. Ra4 Be2 38. Kc2 Kf6 39. Nf2 Bb5 40.
Ra3 Kf5 41. Nd3 Bxd3+ 42. Kxd3 Kxf4 43. Kxd4 e5+ 44. Kc5 e4 45. Kb6 Re7 46. a6
e3 47. a7 Rxa7 48. Rxa7 f5 49. Rxh7 e2 0-1

[Event "Sparkassen-Open B"]
[Site "Heusenstamm, Martinsee"]
[Date "2018.11.23"]
[Round "3.22"]
[White "Kuran, Rainer"]
[Black "Kosak, Matjaz"]
[Result "0-1"]
[WhiteElo "1469"]
[BlackElo "1786"]
[PlyCount "66"]
[EventDate "2018.??.??"]
[WhiteTeam "Karlsruher SF"]
[BlackTeam "SV Frankfurt Nord"]

1. e4 d6 2. Nf3 g6 3. d4 Nf6 4. e5 dxe5 5. Nxe5 Bg7 6. c3 Nbd7 7. Nxd7 Qxd7 8.
Be2 b6 9. O-O Bb7 10. Nd2 O-O-O 11. Nc4 Qd5 12. Ne3 Qd6 13. Nc4 Qc6 14. Ne3 e5
15. Bf3 e4 16. Bg4+ Nxg4 17. Qxg4+ f5 18. Qe2 h5 19. Nc4 h4 20. h3 Kb8 21. Na3
Bh6 22. f3 Rde8 23. fxe4 Rxe4 24. Qf2 Bxc1 25. Raxc1 Rhe8 26. Rc2 Qf6 27. Rd1
Qg5 28. Nc4 f4 29. Ne5 Re3 30. Re1 Bxg2 31. Rxe3 Be4+ 32. Kf1 fxe3 33. Qe2 Rf8+
0-1

[Event "Sparkassen-Open B"]
[Site "Heusenstamm, Martinsee"]
[Date "2018.11.23"]
[Round "3.23"]
[White "Schneider, Ferdinand"]
[Black "John, Volkmar"]
[Result "0-1"]
[WhiteElo "1449"]
[BlackElo "1737"]
[PlyCount "66"]
[EventDate "2018.??.??"]
[WhiteTeam "Elberfelder SG"]
[BlackTeam "SK Herborn"]

1. e4 c6 2. d4 d5 3. exd5 cxd5 4. Nf3 Nc6 5. Bd3 Nb4 6. Bb5+ Bd7 7. Bxd7+ Qxd7
8. c3 Nc6 9. O-O Nf6 10. Bg5 e6 11. Nbd2 Bd6 12. Re1 O-O-O 13. a4 Kb8 14. a5
Qc7 15. b4 h6 16. Be3 Ne4 17. Qb3 g5 18. Nf1 g4 19. N3d2 f5 20. Nxe4 fxe4 21.
b5 Nxa5 22. Qa4 b6 23. Rec1 Rd7 24. Ra2 h5 25. Raa1 h4 26. Ra2 Rg7 27. Raa1 Qf7
28. Rc2 h3 29. Raa2 hxg2 30. Kxg2 Qf3+ 31. Kg1 Bxh2+ 32. Nxh2 Rxh2 33. Bf4+
Qxf4 0-1

[Event "Sparkassen-Open B"]
[Site "Heusenstamm, Martinsee"]
[Date "2018.11.23"]
[Round "3.24"]
[White "Westhof, Benedikt"]
[Black "Brunner, Andreas"]
[Result "1-0"]
[WhiteElo "1691"]
[BlackElo "1437"]
[PlyCount "63"]
[EventDate "2018.??.??"]
[WhiteTeam "SC Heusenstamm"]
[BlackTeam "Berkershm"]

1. d4 d5 2. c4 c6 3. e3 Nf6 4. Nc3 Bf5 5. Nf3 e6 6. Be2 Bb4 7. O-O O-O 8. Nh4
Bg6 9. Nxg6 fxg6 10. Qb3 Qe7 11. Bd2 Bxc3 12. Bxc3 Rf7 13. a4 Ne4 14. Bd3 Qh4
15. Qc2 Nd6 16. c5 Nf5 17. b4 Nd7 18. g3 Qh3 19. e4 Nh6 20. f3 Raf8 21. Qg2
Qxg2+ 22. Kxg2 Kh8 23. b5 Nb8 24. Bd2 Rf6 25. Bg5 R6f7 26. Bf4 Nd7 27. bxc6
bxc6 28. Rab1 Nf6 29. Rb4 Nhg8 30. Bd6 Re8 31. Rfb1 h6 32. e5 1-0

[Event "Sparkassen-Open B"]
[Site "Heusenstamm, Martinsee"]
[Date "2018.11.23"]
[Round "3.25"]
[White "Tobias, Christian"]
[Black "Michel, Carsten"]
[Result "0-1"]
[WhiteElo "1416"]
[BlackElo "1653"]
[PlyCount "92"]
[EventDate "2018.??.??"]
[WhiteTeam "SV Oberursel"]
[BlackTeam "SC Flörsheim"]

1. e4 c5 2. c3 d5 3. exd5 Qxd5 4. d4 cxd4 5. cxd4 Nf6 6. Nc3 Qd8 7. Nf3 e6 8.
Be2 Bd6 9. O-O O-O 10. Bg5 Nbd7 11. Re1 h6 12. Ne4 Be7 13. Nxf6+ Bxf6 14. Bf4
a6 15. Rc1 b5 16. Ne5 Bb7 17. Bf3 Bxf3 18. Qxf3 Nxe5 19. dxe5 Bg5 20. Bxg5 Qxg5
21. Qe3 Qxe3 22. Rxe3 Rac8 23. Rec3 Rxc3 24. Rxc3 Rd8 25. Rc1 Rd2 26. Rb1 Kh7
27. Kf1 Kg6 28. g4 Kg5 29. h3 Kf4 30. a3 Kxe5 31. Re1+ Kf4 32. Re2 Rxe2 33.
Kxe2 g5 34. b3 Ke4 35. b4 e5 36. f3+ Kd4 37. Kd2 f6 38. Ke2 e4 39. fxe4 Kxe4
40. Kf2 Kf4 41. Kg2 Ke4 42. Kg3 Kd3 43. Kf3 Kc3 44. Ke3 Kb3 45. Kd3 Kxa3 46.
Kc3 Ka4 0-1

[Event "Sparkassen-Open B"]
[Site "Heusenstamm, Martinsee"]
[Date "2018.11.23"]
[Round "3.26"]
[White "Janßen, Norbert"]
[Black "Weyerer, Noah"]
[Result "1/2-1/2"]
[WhiteElo "1647"]
[BlackElo "1318"]
[PlyCount "70"]
[EventDate "2018.??.??"]
[WhiteTeam "SC Breuberg"]
[BlackTeam "SV Oberursel"]

1. e4 d6 2. d4 Nf6 3. Nc3 e5 4. dxe5 dxe5 5. Qxd8+ Kxd8 6. Bc4 Be6 7. Bxe6 fxe6
8. f3 Nc6 9. Be3 Bd6 10. O-O-O Ke7 11. Nge2 Rad8 12. a3 a6 13. Rd2 Na5 14. Bg5
h6 15. Bh4 Nc4 16. Rd3 b5 17. Bf2 Rb8 18. Rhd1 Rhd8 19. Na2 a5 20. Be1 Ra8 21.
Kb1 c5 22. Nac3 b4 23. axb4 axb4 24. Nb5 Ra6 25. Nxd6 Raxd6 26. Rxd6 Rxd6 27.
Rxd6 Kxd6 28. Bf2 g5 29. Nc1 Nb6 30. Nd3 Nbd7 31. Kc1 g4 32. Kd2 gxf3 33. gxf3
Nh7 34. h4 h5 35. Ke3 Nhf6 1/2-1/2

[Event "Sparkassen-Open B"]
[Site "Heusenstamm, Martinsee"]
[Date "2018.11.23"]
[Round "3.27"]
[White "Sallwey, Rainer"]
[Black "Firinci, Erdem"]
[Result "1/2-1/2"]
[WhiteElo "1412"]
[BlackElo "1645"]
[PlyCount "35"]
[EventDate "2018.??.??"]
[WhiteTeam "SK Langen"]
[BlackTeam "SF Heusenstamm"]

1. d4 Nf6 2. Bf4 d5 3. e3 Bf5 4. Nf3 e6 5. c3 Be7 6. Be2 O-O 7. O-O Nc6 8. Nbd2
Bd6 9. Bxd6 cxd6 10. Rc1 Ne4 11. c4 Qf6 12. cxd5 exd5 13. Qb3 Nxd2 14. Nxd2 Qg6
15. Bf3 Be4 16. Bxe4 dxe4 17. Qxb7 Na5 18. Qxe4 1/2-1/2

[Event "Sparkassen-Open B"]
[Site "Heusenstamm, Martinsee"]
[Date "2018.11.23"]
[Round "3.28"]
[White "Strate, Wolfgang"]
[Black "Pessotschinski, Eduard"]
[Result "1/2-1/2"]
[WhiteElo "1645"]
[BlackElo "1428"]
[PlyCount "50"]
[EventDate "2018.??.??"]
[WhiteTeam "SC Eschbach"]
[BlackTeam "TuS Makkabi"]

1. d4 Nf6 2. Bf4 g6 3. Nf3 Bg7 4. e3 Nc6 5. c3 d6 6. Nbd2 O-O 7. Qc2 Bg4 8. h3
Bxf3 9. Nxf3 Re8 10. O-O-O a6 11. d5 Na7 12. g4 b5 13. g5 Nh5 14. Bh2 c5 15.
dxc6 Nxc6 16. Nd4 Nxd4 17. exd4 Bh8 18. f4 f5 19. Qb3+ e6 20. Bg2 Rc8 21. Bb7
Rb8 22. Bf3 Qb6 23. Rhe1 d5 24. a3 Rbc8 25. Kb1 Qc6 1/2-1/2

[Event "Sparkassen-Open B"]
[Site "Heusenstamm, Martinsee"]
[Date "2018.11.23"]
[Round "3.29"]
[White "Aravindan, Midhulan"]
[Black "Moseler, Thomas"]
[Result "1/2-1/2"]
[WhiteElo "1407"]
[BlackElo "1636"]
[Annotator "Schloessner,Henrik"]
[PlyCount "96"]
[EventDate "2018.??.??"]
[WhiteTeam "SV Hofheim"]
[BlackTeam "HSK Lister Turm"]

1. e4 e5 2. Nf3 Nc6 3. Bb5 a6 4. Bxc6 dxc6 5. O-O Qd6 6. d3 Bd7 7. Be3 O-O-O 8.
Nbd2 f6 9. h3 g5 10. a3 h5 11. h4 Bg4 12. Qb1 gxh4 13. Nxh4 Ne7 14. b4 Bd7 15.
a4 Qe6 16. b5 cxb5 17. axb5 Bxb5 18. c4 Bc6 19. Kh1 Qg4 20. Nhf3 h4 21. Nh2 Qg6
22. Nhf3 Rg8 23. Rg1 Qh5 24. Qb3 Bh6 25. Bxh6 Qxh6 26. c5 Rg7 27. Nc4 Qf4 28.
Ncd2 Bb5 29. Qe6+ Kb8 30. Rgb1 Rxd3 31. Qa2 Qg4 32. Ne1 h3 33. g3 Rxd2 34. Qxd2
Qxe4+ 35. f3 Qd5 36. Qxd5 Nxd5 37. Kh2 Ne3 38. c6 Nf1+ 39. Kxh3 Rxg3+ 40. Kh4
Rg8 41. cxb7 Nd2 42. Rxb5 Rh8+ 43. Kg3 Nf1+ 44. Kg2 Rh2+ 45. Kxf1 axb5 46. Ra5
c6 47. Ra8+ Kxb7 48. Rf8 Rh6 {Rest der Partie nicht nachvollziehbar! ½-½ (56.
, 57. oder irgendwann)} 1/2-1/2

[Event "Sparkassen-Open B"]
[Site "Heusenstamm, Martinsee"]
[Date "2018.11.23"]
[Round "3.30"]
[White "Leach, Julien"]
[Black "Peschk, Kathrin"]
[Result "1-0"]
[WhiteElo "1635"]
[BlackElo "1357"]
[PlyCount "83"]
[EventDate "2018.??.??"]
[WhiteTeam "SC Bad Soden"]
[BlackTeam "SV Groß-Gerau"]

1. d4 d5 2. Bf4 Nf6 3. e3 c6 4. c3 Bf5 5. Nf3 e6 6. Ne5 Nbd7 7. Bd3 Bg6 8. Nxg6
hxg6 9. h3 Nh5 10. Bh2 Nb6 11. Nd2 Bd6 12. Be5 Nf6 13. Nf3 Qd7 14. a4 O-O-O 15.
a5 Nc4 16. Bxc4 dxc4 17. Qe2 Rhf8 18. Qxc4 Bxe5 19. Nxe5 Qd5 20. f3 Nd7 21.
Qxd5 exd5 22. Nd3 Rfe8 23. Kf2 Re7 24. Nb4 Kc7 25. g4 Rde8 26. Rae1 b6 27. a6
Kd6 28. Re2 c5 29. Nd3 Nb8 30. Ra1 f6 31. dxc5+ bxc5 32. Ra5 d4 33. e4 c4 34.
Nb4 d3 35. Rd5+ Kc7 36. Rd2 Kb6 37. b3 cxb3 38. R5xd3 Re6 39. c4 Nxa6 40. Nxa6
Kxa6 41. Rxb3 Rc6 42. Ra2# 1-0

[Event "Sparkassen-Open B"]
[Site "Heusenstamm, Martinsee"]
[Date "2018.11.23"]
[Round "3.31"]
[White "Ilievski, Kosto"]
[Black "Bär, Christian"]
[Result "1/2-1/2"]
[WhiteElo "1387"]
[BlackElo "1631"]
[PlyCount "84"]
[EventDate "2018.??.??"]
[WhiteTeam "SC Groß-Zimmern"]
[BlackTeam "SC Steinbach"]

1. d4 d5 2. c4 e6 3. Nc3 Nf6 4. Bg5 c6 5. Nf3 Nbd7 6. cxd5 exd5 7. e3 Bb4 8. a3
Bd6 9. Bd3 O-O 10. Qc2 h6 11. Bh4 Qc7 12. Bf5 Re8 13. Bxf6 Nxf6 14. h3 g6 15.
Bxg6 fxg6 16. Qxg6+ Qg7 17. Nh4 Qxg6 18. Nxg6 Kh7 19. Nh4 Ne4 20. O-O Rf8 21.
f4 Bc7 22. Nf3 Ng3 23. Rf2 Bf5 24. Kh2 Rg8 25. Ne2 Nxe2 26. Rxe2 Be4 27. Ne5 h5
28. g3 Rg7 29. Rg1 Rag8 30. Ree1 Bd6 31. b4 a5 32. Re2 axb4 33. axb4 Ra8 34. g4
Bxe5 35. dxe5 Bf3 36. Rf2 hxg4 37. hxg4 Bxg4 38. f5 Rg5 39. f6 Rh5+ 40. Kg3 Be6
41. Kf4 Rf5+ 42. Kg3 Rg8+ 1/2-1/2

[Event "Sparkassen-Open B"]
[Site "Heusenstamm, Martinsee"]
[Date "2018.11.23"]
[Round "3.32"]
[White "Gnandt, Michael"]
[Black "Traut, Stefan"]
[Result "1/2-1/2"]
[WhiteElo "1316"]
[BlackElo "1601"]
[PlyCount "42"]
[EventDate "2018.??.??"]
[WhiteTeam "SV Steinhausen"]
[BlackTeam "SF Heusenstamm"]

1. e4 d5 2. exd5 Qxd5 3. Nc3 Qa5 4. Nf3 Bf5 5. d3 c6 6. Bd2 Qc7 7. g3 e6 8. Nh4
Bg6 9. Bg2 Nf6 10. Nxg6 hxg6 11. Qf3 Nbd7 12. Ne4 Nxe4 13. Qxe4 Nf6 14. Qf3 Be7
15. Bc3 O-O 16. O-O Rfd8 17. Rae1 Rac8 18. Be5 Qa5 19. a3 Rd7 20. Bc3 Qc7 21.
Re3 Nd5 1/2-1/2

[Event "Sparkassen-Open B"]
[Site "Heusenstamm, Martinsee"]
[Date "2018.11.23"]
[Round "3.33"]
[White "Schwegler, Jelena"]
[Black "Nimrichter, Christian"]
[Result "1-0"]
[WhiteElo "1496"]
[BlackElo "1378"]
[PlyCount "105"]
[EventDate "2018.??.??"]
[WhiteTeam "SK Bad Homburg"]
[BlackTeam "VSG Offenbach"]

1. e4 d5 2. exd5 Nf6 3. Nc3 Nxd5 4. Bc4 e6 5. Nf3 Be7 6. O-O O-O 7. Re1 c6 8.
d4 Nd7 9. Bd2 b5 10. Bd3 a5 11. Nxd5 exd5 12. Bf4 Ra7 13. c3 Kh8 14. Qe2 Nf6
15. Ne5 Qb6 16. Qf3 Be6 17. Bc2 Re8 18. Bg5 Bd8 19. Re3 Ng8 20. Bxd8 Rxd8 21.
Qh5 Nf6 22. Qh4 c5 23. Rf3 Ne4 24. dxc5 Qc7 25. Rd1 Raa8 26. Qf4 Ra7 27. Rd4
Rf8 28. Bxe4 dxe4 29. Qxe4 Qxc5 30. Nd3 Qg5 31. Qxe6 Re7 32. Rf5 Qxg2+ 33. Kxg2
Rxe6 34. Rxb5 Ra6 35. Rdd5 a4 36. Ra5 Rg6+ 37. Kf3 h6 38. Rxa4 Re8 39. Rf4 Ree6
40. a4 f6 41. Rfd4 Rg1 42. Nc5 Rb6 43. b4 Kh7 44. Rd6 Rb8 45. a5 Rc1 46. Rd3
Rc2 47. a6 Re8 48. a7 Ra2 49. Rd7 Ree2 50. a8=Q Rxf2+ 51. Ke3 Rfe2+ 52. Kf3
Rf2+ 53. Kg3 1-0

[Event "Sparkassen-Open B"]
[Site "Heusenstamm, Martinsee"]
[Date "2018.11.23"]
[Round "3.34"]
[White "Cromm, Mika"]
[Black "Bastian, Ben"]
[Result "0-1"]
[WhiteElo "1350"]
[BlackElo "1592"]
[PlyCount "50"]
[EventDate "2018.??.??"]
[WhiteTeam "TuS Löhnberg"]
[BlackTeam "SC Herborn"]

1. d4 Nf6 2. Bf4 g6 3. e3 Bg7 4. c4 O-O 5. Nf3 d6 6. Be2 Nbd7 7. Bg3 c5 8. Nc3
b6 9. Qc2 Ba6 10. O-O cxd4 11. exd4 Rc8 12. b3 Nh5 13. Bh4 Nf4 14. Rad1 Rb8 15.
Rfe1 Re8 16. Ne4 Qc7 17. Bg3 Nxe2+ 18. Qxe2 Qb7 19. Qd2 Rbc8 20. Bxd6 f5 21.
Nfg5 Bh6 22. Qf4 Nf6 23. Bxe7 Qxe7 24. Nd6 Qxe1+ 25. Rxe1 Rxe1# 0-1

[Event "Sparkassen-Open B"]
[Site "Heusenstamm, Martinsee"]
[Date "2018.11.23"]
[Round "3.35"]
[White "Kirchner, Stefan"]
[Black "Ziegler, Christopher"]
[Result "1/2-1/2"]
[WhiteElo "1580"]
[BlackElo "1353"]
[PlyCount "97"]
[EventDate "2018.??.??"]
[WhiteTeam "SF Schöneck"]
[BlackTeam "SV Kelsterbach"]

1. e4 e5 2. Nf3 Nf6 3. d3 Nc6 4. Be2 Bc5 5. Nc3 b6 6. Bg5 h6 7. Bd2 Bb7 8. a3
d5 9. b4 dxe4 10. Nxe4 Nxe4 11. dxe4 Bd6 12. c3 a6 13. O-O Ne7 14. Qc2 O-O 15.
Rfe1 Re8 16. Be3 Nc6 17. Rad1 Qe7 18. Nd2 a5 19. b5 Na7 20. a4 Bc5 21. Bxc5
Qxc5 22. Nb3 Qa3 23. Ra1 Qd6 24. f3 Rad8 25. Red1 Qg6 26. Rxd8 Rxd8 27. Rd1 Rd6
28. Nd2 Nc8 29. Nc4 Rxd1+ 30. Qxd1 Nd6 31. Nxe5 Qe6 32. Qd4 Kf8 33. Bc4 Qe7 34.
Bb3 Qg5 35. c4 f6 36. Ng4 Qc1+ 37. Kf2 Bxe4 38. Ne3 Bg6 39. Ke2 Bf7 40. Qd2 Qa3
41. Qa2 Qc1 42. Qd2 Qa3 43. Qd3 Qb2+ 44. Kd1 Qa1+ 45. Kc2 Qe1 46. Qd2 Bg6+ 47.
Kc3 Qa1+ 48. Qb2 Qe1+ 49. Qd2 1/2-1/2

[Event "Sparkassen-Open B"]
[Site "Heusenstamm, Martinsee"]
[Date "2018.11.23"]
[Round "3.36"]
[White "von Beckh, Frieda"]
[Black "Stepanov, Maximilian"]
[Result "1-0"]
[WhiteElo "1262"]
[BlackElo "1416"]
[PlyCount "87"]
[EventDate "2018.??.??"]
[WhiteTeam "SC Eschborn"]
[BlackTeam "SK Gräfelfing"]

1. e4 d6 2. d4 g6 3. Nc3 Bg7 4. Be3 Nd7 5. Qd2 e6 6. O-O-O c6 7. Be2 d5 8. Nf3
a6 9. Bf4 b5 10. Ne5 Nxe5 11. Bxe5 Nf6 12. h3 O-O 13. f3 Qb6 14. g4 a5 15. h4
Bd7 16. Qf4 Ne8 17. h5 a4 18. Rd3 Bc8 19. g5 b4 20. hxg6 bxc3 21. gxh7+ Kh8 22.
Rxc3 Ba6 23. Bxa6 Rxa6 24. Rh6 Qb7 25. Rxe6 fxe6 26. Qxf8+ Kxh7 27. Qxe8 Qb5
28. Qh5+ Kg8 29. Qe8+ Kh7 30. Rd3 a3 31. b3 Qb4 32. c3 Qb5 33. Kd2 Qb7 34. f4
Bxe5 35. fxe5 Ra8 36. Qh5+ Kg8 37. Rh3 Qg7 38. exd5 cxd5 39. Qh6 Ra7 40. Qxe6+
Rf7 41. g6 Qf8 42. gxf7+ Kg7 43. Qh6+ Kxf7 44. Qxf8+ 1-0

[Event "Sparkassen-Open B"]
[Site "Heusenstamm, Martinsee"]
[Date "2018.11.23"]
[Round "3.37"]
[White "Urbach, Jens"]
[Black "Jelinek, Stefan"]
[Result "0-1"]
[WhiteElo "1546"]
[BlackElo "1318"]
[PlyCount "78"]
[EventDate "2018.??.??"]
[WhiteTeam "SF Frankfurt"]
[BlackTeam "SC Kahl"]

1. e4 b6 2. d4 Bb7 3. Bd3 e6 4. Nf3 d6 5. O-O Be7 6. c4 Nf6 7. Nc3 O-O 8. Qc2
c5 9. d5 e5 10. Ne1 Nh5 11. Ne2 Nd7 12. f4 Bf6 13. f5 Bg5 14. Bxg5 Qxg5 15. Nf3
Qh6 16. g4 Nf4 17. Nxf4 Qxf4 18. Qg2 Nf6 19. Rae1 Qxg4 20. Rf2 a6 21. h3 Qxg2+
22. Rxg2 Nh5 23. f6 Nxf6 24. Kh2 Nh5 25. Reg1 g6 26. Bc2 Bc8 27. Nh4 b5 28. Bd1
Nf4 29. Rg3 Bd7 30. cxb5 axb5 31. a3 b4 32. Bg4 Bxg4 33. Rxg4 bxa3 34. bxa3
Rxa3 35. Nf5 Ra2+ 36. Kh1 Rd8 37. h4 Nh3 38. Nh6+ Kg7 39. Nf5+ Kf8 0-1

[Event "Sparkassen-Open B"]
[Site "Heusenstamm, Martinsee"]
[Date "2018.11.23"]
[Round "3.38"]
[White "Burkart, Lloyd Shang"]
[Black "Gräf, Kilian Gabriel"]
[Result "1/2-1/2"]
[WhiteElo "1157"]
[BlackElo "1535"]
[PlyCount "116"]
[EventDate "2018.??.??"]
[WhiteTeam "TuS Makkabi"]
[BlackTeam "SV Frankfurt Nord"]

1. d4 Nf6 2. c4 e5 3. dxe5 Ng4 4. e3 Nxe5 5. Nh3 Bc5 6. Nf4 O-O 7. Be2 d6 8.
O-O Nbc6 9. Nc3 Re8 10. a3 a5 11. Bd2 Ne7 12. Rc1 N7g6 13. Nxg6 Nxg6 14. Qc2
Be6 15. Bf3 Ra7 16. Nb5 Ra8 17. Bxb7 Rb8 18. Bc6 Re7 19. Bxa5 Ne5 20. Be4 Nxc4
21. Bxc7 Rxc7 22. Nxc7 Qxc7 23. Rb1 Kh8 24. Bd3 Bb6 25. Rfc1 Rc8 26. Bxc4 Qxc4
27. Qxc4 Rxc4 28. Rxc4 Bxc4 29. b4 Kg8 30. a4 Bc7 31. b5 Bb6 32. a5 Bxa5 33. b6
f6 34. b7 Bc7 35. b8=Q+ Bxb8 36. Rxb8+ Kf7 37. Rb7+ Kg6 38. f3 h6 39. Kf2 h5
40. Kg3 Kh6 41. Rb4 d5 42. e4 Ba2 43. Rb2 Bc4 44. exd5 Bxd5 45. Rd2 Bc4 46. Rd4
Bb3 47. Kf2 Be6 48. Rd6 Ba2 49. Ke3 Bb3 50. Kd4 Bc2 51. Ke3 Bb1 52. Kf4 g5+ 53.
Ke3 Kg6 54. Kd4 Ba2 55. Kc5 Bf7 56. Kc6 Be8+ 57. Kc7 Ba4 58. Kd8 Kf7 1/2-1/2